Macroeconomic Policies in an Interdependent World

Salvato in:
Dettagli Bibliografici
Altri autori: Bryant, Ralph C.
Natura: Libro
Lingua:inglese
Pubblicazione: Washington The Brookings Institution 1989
Edizione:1. ed.
Soggetti:
Tags: Aggiungi Tag
Nessun Tag, puoi essere il primo ad aggiungerne!!

MARC

LEADER 00000nam a2200000 4500
001 c003023
005 20221206131425.2
020 |a 1-55775-111-0 
041 0 |a eng 
044 |a US 
245 1 0 |a Macroeconomic Policies in an Interdependent World  |c Edit. Ralph C. Bryant 
250 |a 1. ed. 
264 1 |a Washington  |b The Brookings Institution  |c 1989 
300 |a 420 s. 
610 2 0 |a makroekonomika 
610 2 0 |a politika 
610 2 0 |a hospodárstvo svetové 
610 2 0 |a vzťahy hospodárske medzinárodné 
700 1 |a Bryant, Ralph C.